Normal view MARC view
  • лабораторийн чанар

Entry Topical Term

Number of records used in: 2

001 - CONTROL NUMBER

  • control field: 71545

003 - CONTROL NUMBER IDENTIFIER

  • control field: OSt

005 - DATE AND TIME OF LATEST TRANSACTION

  • control field: 20260601131912.0

008 - FIXED-LENGTH DATA ELEMENTS

  • fixed length control field: 260601|| aca||aabn | a|a d

040 ## - CATALOGING SOURCE

  • Original cataloging agency: OSt
  • Transcribing agency: OSt

150 ## - HEADING--TOPICAL TERM

  • Topical term or geographic name entry element: лабораторийн чанар

670 ## - SOURCE DATA FOUND

  • Source citation: Work cat.: (OSt)37883: Мөнх-Очир, М. судлаач 67555, Центрифугийн ажиллагааны найдвартай байдлыг тахометрийн хэмжилтээр үнэлэх нь: